La Reividicación de la Asamblea Legislativa . Discurso pronunciado por el Presidente de la República Doctor Oscar Arias Sánchez en el acto de clausura del Primer Simposio Nacional sobre el Parlamento, el 18 de marzo de 1987 en el Teatro Nacional

Guardado en:
書目詳細資料
主要作者: Arias Sánchez, Oscar
企業作者: Costa Rica. Presidencia de la República
格式: Texto
出版: San José: Imprenta Nacional
標簽: 添加標簽
沒有標簽, 成為第一個標記此記錄!

MARC

LEADER 00000 a a2200000 04500
001 25369
003
040
090 |a 181500  
100 |a Arias Sánchez, Oscar  
110 |a Costa Rica. Presidencia de la República  
245 |a La Reividicación de la Asamblea Legislativa . Discurso pronunciado por el Presidente de la República Doctor Oscar Arias Sánchez en el acto de clausura del Primer Simposio Nacional sobre el Parlamento, el 18 de marzo de 1987 en el Teatro Nacional  
260 |a San José:   |b Imprenta Nacional  
300 |a 4 p.  
999 |c 14864  |d 14864